000 01243naa a22003017a 4500
001 BR8204485
003 BR-BrBNA
005 20240918175141.0
007 ta
008 230509b bl.||||| |||| 00| 0 por d
040 _aBR-BrBNA
_bpor
_cBiblioteca Nacional de Agricultura
041 _a(Pt)
072 _aK50; U10
_b8911
090 _aK50 BR8204485
100 1 _aJorquera, C.L.
100 1 _aMosuko, R.K.I.
111 1 _a15. Congresso Anual da Associacao Tecnica Brasileira de Celulose e Papel. Semana do Papel
_cSao Paulo, SP (Brazil)
_d22-26 Nov 1982
245 1 _aModelo matematico para simular o funcionamento da caixa de entrada de uma maquina de papel [industria florestal]
260 3 _aSao Paulo, SP (Brasil):
_c1982.
500 _a15. Congresso Anual da Associacao Tecnica Brasileira de Celulose e Papel. Semana do Papel Sao Paulo, SP (Brasil): 1982. p. 479-497 (BR8204485-AM)K50
650 _aPAPEL
650 _aMAQUINA
650 _aINDUSTRIA FLORESTAL
650 _aMODELO MATEMATICO
773 0 _t15. Congresso Anual da Associacao Tecnica Brasileira de Celulose e Papel. Semana do Papel
_wK50 BR8204485
_gSao Paulo, SP (Brasil), 1982. p. 479-497
909 _a202404
_bLucia
_c55
_dLucia Elande
942 _cAM
_2AGRIS
999 _c315275
_d315275